00489nam a2200169Ia 4500999001700000003000400017005001700021008004100038020001800079040000900097082002200106100002300128245006100151260004800212300000900260942005000269 c20821d20821OSt20200603103116.0190216s9999||||xx |||||||||||||| ||und|| a9780195651409 coclc a320.550954bZAV/E aZavos, John 92501 4aThe Emergence Of Hindu Nationlism In India /cJohn Zavos bOxford University Press,c2000.aNew Delhi: a245p cBK2ddch320.550954iZAV/Ek320.550954mZAV/E